000 01634nam0a2200397 4500
001 RU\NLR\bibl\360673
005 20260601073047.0
010 _a5-94847-112-8
_910000
021 _aRU
_b2002-54579
_92654
035 _a(NLR Aleph) 000355288
090 _a301496
_c301496
100 _a20030109d2002 |||y0rusy50 ca
101 0 _arus
102 _aRU
105 _aa |||||||||
200 1 _aУчимся запоминать
_e[Для чтения взрослыми детям
_fГаврина С. Е. и др.]
210 _aМ.
_cБ-ка Ильи Резника
_cОЛМА-пресс экслибрис
_d2002
215 _a8 с.
_cил.
_d28
225 1 _aЗолотая коллекция детского сада
225 1 _aЗавтра в школу
606 _8rus
_aДошкольники
_xИспользование сказок
_7ca
_3RU\NLR\auth\661265037
_92089904
610 0 _aПамять - Развитие у детей дошкольного возраста - Учебно-наглядные пособия
610 0 _aДети дошкольного возраста - Подготовка к школе - Учебно-наглядные пособия
675 _a373.2.025
_v3
_zrus
686 _a14.23
_2rugasnti
686 _a74.1
_2rubbk
686 _aЧ411.38
686 _aШ991
702 1 _4220
_8rus
_7ca
_aГаврина
_bС. Е.
_gСветлана Евгеньевна
_3RU\NLR\auth\7718186
_91268
801 0 _aRU
_bRKP
_c20030109
_gPSBO
801 1 _aRU
_bRKP
_c20030109
801 2 _aRU
_bNLR
_c20061207
_grcr
942 _cBOOK
980 _aNB